000 00468nam a22001577a 4500
005 20251108165932.0
008 250721s1979 xx 000 0 ara d
082 1 4 _aط/372.62/حدي
245 1 0 _aالحديث عن الثياب /
264 1 _aلافبورو :
_bليديبرد بول ليمتد،
_c1979.
300 _a51ص : مصورة بالالوان
650 1 7 _aلغة عربية
650 1 7 _aدراسة و تدريس
942 _2ddc
_cBK
999 _c35239
_d35239